| Registos Bibliográficos associados ao registo de autoridade |
|
Etiqueta de registo: 00000nkm 2200025 450 001 2279939 003 http://id.bnportugal.gov.pt/bib/catbnp/2279939 100 ## $a20260313d1984 m y0pory01030103ba 101 0# $apor 102 ## $aPT 200 1# $aI Concurso Nacional de Quadras, integrado no 1.º de maio de 1984, Dia Internacional
do Trabalhador$bVisual gráfico]$fSindicato Nacional dos Trabalhadores da Administração Local 210 #9 $aSantarém$cSindicato Nacional dos Trabalhadores da Administração Local,$d1984 215 ## $a1 cartaz$ccolor.$d40x32 cm 317 ## $aColeção Madeira Luís 710 02 $aConcurso Nacional de Quadras,$bSindicato Nacional dos Trabalhadores da Administração Local,$d1,$eSantarém,$f1984$31991164 712 02 $aSindicato Nacional dos Trabalhadores da Administração Local$331003 801 #0 $aPT$bBN$gRPC 966 ## $lBN$mICONOG$sCT. 16198 V.$x3 966 ## $lBN$mICONOG$sCT. 16199 V.$x3 971 ## $cCaticonografia9$d20260313 972 ## $d20260429$e0$vmferro$z0 995 ## $aPRR2026
|
|
|